Normal view
MARC view
- Filosofia medievale e scolastica
Entry Genre/Form Term
001 - CONTROL NUMBER
- control field: 57160
003 - CONTROL NUMBER IDENTIFIER
- control field:
005 - DATE AND TIME OF LATEST TRANSACTION
- control field: 20180512114221.0
008 - FIXED-LENGTH DATA ELEMENTS
- fixed length control field: 180512|| aca||aabn | a|a d
040 ## - CATALOGING SOURCE
- Original cataloging agency:
- Transcribing agency:
155 ## - HEADING--GENRE/FORM TERM
- Genre/form term: Filosofia medievale e scolastica
- General subdivision: Saggi, varia.
670 ## - SOURCE DATA FOUND
- Source citation: Work cat.: ()0: Gilson, Étienne Henry, 1884-1978. autore 57158, Il tomismo :, 2011.